000 00188nam a22000977a 4500
999 _c67234
_d67231
082 _a174.962MAR
100 _aMartin,M.W
245 _aEthics in Engineering
300 _a339p
942 _cBK